|
|
|
|
| LEADER |
00655cam a2200229 7i4500 |
| 001 |
0000036715 |
| 005 |
20211124090000.0 |
| 007 |
##ta |
| 008 |
211124s2010 my e 000 1 may |
| 020 |
# |
# |
|a 9789833892709
|
| 040 |
# |
# |
|a MATR
|
| 090 |
0 |
0 |
|a FM 899.2333
|b ROS
|
| 100 |
0 |
# |
|a Rose Harissa,
|d 1977-
|
| 245 |
1 |
0 |
|a WASILAH CINTA WEERA
|c Rose Harissa.
|
| 264 |
# |
0 |
|a Batu Caves, Selangor:
|b PTS Litera Utama,
|c 2010.
|
| 300 |
# |
# |
|a 607 pages;
|c 19 cm.
|
| 336 |
# |
# |
|a text
|2 rdacontent
|
| 337 |
# |
# |
|a unmediated
|2 rdamedia
|
| 338 |
# |
# |
|a volume
|2 rdacarrier
|
| 650 |
0 |
0 |
|a Malay fiction
|
| 650 |
0 |
0 |
|a Malaysian fiction (Malay)
|
| 999 |
|
|
|a F000000018
|b Book
|c Book
|e BICplus
|